<?xml version="1.0" encoding="UTF-8"?>
<record
    xmlns:xsi="http://www.w3.org/2001/XMLSchema-instance"
    xsi:schemaLocation="http://www.loc.gov/MARC21/slim http://www.loc.gov/standards/marcxml/schema/MARC21slim.xsd"
    xmlns="http://www.loc.gov/MARC21/slim">

  <leader>00323nam a22001337a 4500</leader>
  <datafield tag="020" ind1=" " ind2=" ">
    <subfield code="a">978817596156</subfield>
  </datafield>
  <datafield tag="082" ind1=" " ind2=" ">
    <subfield code="a">540</subfield>
  </datafield>
  <datafield tag="100" ind1=" " ind2=" ">
    <subfield code="a">Matthews ,Philip</subfield>
  </datafield>
  <datafield tag="245" ind1=" " ind2=" ">
    <subfield code="a">Advanced Chemistry Physical and Industrial </subfield>
  </datafield>
  <datafield tag="260" ind1=" " ind2=" ">
    <subfield code="a">South India</subfield>
    <subfield code="b">Cambridge University Press</subfield>
    <subfield code="c">1978</subfield>
  </datafield>
  <datafield tag="300" ind1=" " ind2=" ">
    <subfield code="a">976p</subfield>
  </datafield>
  <datafield tag="650" ind1=" " ind2=" ">
    <subfield code="a">Chemistry</subfield>
  </datafield>
  <datafield tag="942" ind1=" " ind2=" ">
    <subfield code="c">BK</subfield>
  </datafield>
  <datafield tag="999" ind1=" " ind2=" ">
    <subfield code="c">1108</subfield>
    <subfield code="d">1108</subfield>
  </datafield>
  <datafield tag="952" ind1=" " ind2=" ">
    <subfield code="0">0</subfield>
    <subfield code="1">0</subfield>
    <subfield code="7">0</subfield>
    <subfield code="8">NFIC</subfield>
    <subfield code="a">IC</subfield>
    <subfield code="b">IC</subfield>
    <subfield code="c">GEN</subfield>
    <subfield code="d">2015-06-14</subfield>
    <subfield code="g">4415.00</subfield>
    <subfield code="l">0</subfield>
    <subfield code="o">540 MAT</subfield>
    <subfield code="p">006883</subfield>
    <subfield code="r">2022-11-17 00:00:00</subfield>
    <subfield code="w">2015-06-14</subfield>
    <subfield code="y">BK</subfield>
  </datafield>
  <datafield tag="952" ind1=" " ind2=" ">
    <subfield code="0">0</subfield>
    <subfield code="1">0</subfield>
    <subfield code="7">0</subfield>
    <subfield code="8">NFIC</subfield>
    <subfield code="a">IC</subfield>
    <subfield code="b">IC</subfield>
    <subfield code="c">GEN</subfield>
    <subfield code="d">2015-06-14</subfield>
    <subfield code="g">4415.00</subfield>
    <subfield code="l">3</subfield>
    <subfield code="o">540 MAT</subfield>
    <subfield code="p">006884</subfield>
    <subfield code="r">2022-11-17 00:00:00</subfield>
    <subfield code="s">2018-05-26</subfield>
    <subfield code="w">2015-06-14</subfield>
    <subfield code="y">BK</subfield>
  </datafield>
  <datafield tag="952" ind1=" " ind2=" ">
    <subfield code="0">0</subfield>
    <subfield code="1">0</subfield>
    <subfield code="7">0</subfield>
    <subfield code="8">NFIC</subfield>
    <subfield code="a">IC</subfield>
    <subfield code="b">IC</subfield>
    <subfield code="c">GEN</subfield>
    <subfield code="d">2015-06-14</subfield>
    <subfield code="g">4415.00</subfield>
    <subfield code="l">0</subfield>
    <subfield code="o">540 MAT</subfield>
    <subfield code="p">006551</subfield>
    <subfield code="r">2022-11-17 00:00:00</subfield>
    <subfield code="w">2015-06-14</subfield>
    <subfield code="y">BK</subfield>
  </datafield>
  <datafield tag="952" ind1=" " ind2=" ">
    <subfield code="0">0</subfield>
    <subfield code="1">0</subfield>
    <subfield code="7">0</subfield>
    <subfield code="8">NFIC</subfield>
    <subfield code="a">IC</subfield>
    <subfield code="b">IC</subfield>
    <subfield code="c">GEN</subfield>
    <subfield code="d">2015-06-14</subfield>
    <subfield code="g">4415.00</subfield>
    <subfield code="l">5</subfield>
    <subfield code="o">540 MAT</subfield>
    <subfield code="p">006552</subfield>
    <subfield code="r">2022-11-17 00:00:00</subfield>
    <subfield code="s">2019-05-25</subfield>
    <subfield code="w">2015-06-14</subfield>
    <subfield code="y">BK</subfield>
  </datafield>
  <datafield tag="952" ind1=" " ind2=" ">
    <subfield code="0">0</subfield>
    <subfield code="1">0</subfield>
    <subfield code="7">0</subfield>
    <subfield code="8">NFIC</subfield>
    <subfield code="a">IC</subfield>
    <subfield code="b">IC</subfield>
    <subfield code="c">GEN</subfield>
    <subfield code="d">2015-06-14</subfield>
    <subfield code="g">4415.00</subfield>
    <subfield code="l">1</subfield>
    <subfield code="o">540 MAT</subfield>
    <subfield code="p">006550</subfield>
    <subfield code="r">2022-11-17 00:00:00</subfield>
    <subfield code="s">2018-03-12</subfield>
    <subfield code="w">2015-06-14</subfield>
    <subfield code="y">BK</subfield>
  </datafield>
  <datafield tag="952" ind1=" " ind2=" ">
    <subfield code="0">0</subfield>
    <subfield code="1">0</subfield>
    <subfield code="7">0</subfield>
    <subfield code="8">NFIC</subfield>
    <subfield code="a">IC</subfield>
    <subfield code="b">IC</subfield>
    <subfield code="c">GEN</subfield>
    <subfield code="d">2015-06-14</subfield>
    <subfield code="g">4415.00</subfield>
    <subfield code="l">3</subfield>
    <subfield code="m">1</subfield>
    <subfield code="o">540 MAT</subfield>
    <subfield code="p">005637</subfield>
    <subfield code="r">2022-11-17 00:00:00</subfield>
    <subfield code="s">2019-06-15</subfield>
    <subfield code="w">2015-06-14</subfield>
    <subfield code="y">BK</subfield>
  </datafield>
  <datafield tag="952" ind1=" " ind2=" ">
    <subfield code="0">0</subfield>
    <subfield code="1">0</subfield>
    <subfield code="7">0</subfield>
    <subfield code="8">NFIC</subfield>
    <subfield code="a">IC</subfield>
    <subfield code="b">IC</subfield>
    <subfield code="c">GEN</subfield>
    <subfield code="d">2022-11-21</subfield>
    <subfield code="g">4415.00</subfield>
    <subfield code="l">0</subfield>
    <subfield code="o">540 MAT</subfield>
    <subfield code="p">007485</subfield>
    <subfield code="r">2022-11-21 00:00:00</subfield>
    <subfield code="w">2022-11-21</subfield>
    <subfield code="y">BK</subfield>
  </datafield>
</record>
